Statistics for Fandoms

Click here to take the quiz!

General Stats

  • This quiz has been taken 36,556 times
    (18,464 since last reset)
  • The average score is 13 of 22

Answer Stats

FandomAnswer% Correct
BeliebersJustin Bieber
95%
PotterheadsHarry Potter
94%
TrekkiesStar Trek
93%
DirectionersOne Direction
83%
GleeksGlee
81%
WhoviansDoctor Who
77%
SelenatorsSelena Gomez
74%
TwihardsTwilight
69%
The BeyHiveBeyoncé
65%
TributesThe Hunger Games
55%
BuffistasBuffy the Vampire Slayer
53%
Little MonstersLady Gaga
53%
ZepheadsLed Zeppelin
53%
BroniesMy Little Pony
52%
PentaholicsPentatonix
43%
CheeseheadsGreen Bay Packers
42%
Dead HeadsThe Grateful Dead
38%
SheeriosEd Sheeran
37%
DunderheadsThe Office
36%
GoulddiggersEllie Goulding
35%
Team DrizzyDrake
34%
InitiatesDivergent
15%

Score Distribution

Percentile by Number Answered

Percent of People with Each Score

Your Score History

You have not taken this quiz since the last reset